[Event "Germain Laplante U1600"]
[Site "Chambly CAN"]
[Date "2023.04.30"]
[Round "5.34"]
[White "Germain, Max jr"]
[Black "St-Jean, Jerome"]
[Result "1-0"]
[WhiteElo "1486"]
[BlackElo "1406"]
[PlyCount "78"]
[EventDate "2023.04.28"]
[EventType "swiss"]
[EventRounds "5"]
[EventCountry "CAN"]

1. d4 Nf6 2. c4 e6 3. Nc3 Bb4 4. a3 Bxc3+ 5. bxc3 d5 6. e3 O-O 7. Bd3 dxc4 8.
Bxc4 b6 9. Nf3 Bb7 10. O-O Na6 11. Re1 c5 12. Bd3 Rc8 13. Bb2 Qe7 14. Rc1 Rfd8
15. Ne5 Nd7 16. Nxd7 Rxd7 17. Qh5 g6 18. Qe2 Nb8 19. e4 Rcd8 20. Qf3 Nc6 21.
Bb5 cxd4 22. Bxc6 Bxc6 23. cxd4 Bb7 24. d5 e5 25. Rc3 Rd6 26. Rec1 Rf6 27. Qg3
Rf4 28. f3 f5 29. Rc7 Rd7 30. Rxd7 Qxd7 31. Bxe5 Rxe4 32. fxe4 fxe4 33. d6 Qb5
34. Qc3 Qd5 35. Qc4 Kf8 36. Qxd5 Bxd5 37. Rc7 e3 38. g3 Ke8 39. Kf1 Bc4+ 1-0

[Event "Germain Laplante U1600"]
[Site "Chambly CAN"]
[Date "2023.04.30"]
[Round "5.35"]
[White "Sonko, Babacar"]
[Black "Bergeron, Jean-Guy"]
[Result "1-0"]
[WhiteElo "1575"]
[BlackElo "1448"]
[PlyCount "62"]
[EventDate "2023.04.28"]
[EventType "swiss"]
[EventRounds "5"]
[EventCountry "CAN"]

1. f4 g6 2. Nf3 c6 3. e3 d5 4. Be2 Bg4 5. O-O Bg7 6. Ne5 Bxe2 7. Qxe2 Nd7 8. d4
f6 9. Nf3 Qb6 10. c3 O-O-O 11. e4 e5 12. Kh1 Ne7 13. fxe5 fxe5 14. exd5 Nxd5
15. c4 Nf4 16. Qe4 Rhf8 17. dxe5 Nc5 18. Qe3 Nfd3 19. Nc3 Bxe5 20. Bd2 Bf4 21.
Qe7 Bxd2 22. Nxd2 Rfe8 23. Qxh7 Qxb2 24. Nde4 Rh8 25. Qxg6 Rdg8 26. Rab1 Rxg6
27. Rxb2 Nxe4 28. Rc2 Rgh6 29. Kg1 Nxc3 30. Rxc3 Ne5 31. Rf5 Nd7 {illisible}
1-0

[Event "Germain Laplante U1600"]
[Site "Chambly CAN"]
[Date "2023.04.30"]
[Round "5.36"]
[White "Morasse, Daniel"]
[Black "Dufresne, Maxime"]
[Result "0-1"]
[WhiteElo "1228"]
[BlackElo "1534"]
[PlyCount "76"]
[EventDate "2023.04.28"]
[EventType "swiss"]
[EventRounds "5"]
[EventCountry "CAN"]

1. e4 c5 2. c3 d5 3. e5 Bf5 4. d4 e6 5. Nf3 Nc6 6. Bd3 Bg4 7. O-O cxd4 8. cxd4
Bxf3 9. Qxf3 Nxd4 10. Qf4 Nc6 11. Bd2 Nge7 12. Nc3 a6 13. a3 Ng6 14. Bxg6 hxg6
15. Rfe1 Be7 16. g3 Rh5 17. Qa4 b5 18. Nxb5 axb5 19. Qxb5 Qd7 20. Rac1 Nxe5 21.
Qxd7+ Kxd7 22. Re3 Bd6 23. Rb3 Rc8 24. Rxc8 Kxc8 25. Kg2 Nc4 26. Bc3 f6 27. a4
Bc7 28. Rb4 Ba5 29. Rb3 Bxc3 30. Rxc3 Kb7 31. b3 Nd6 32. b4 Re5 33. b5 Nc4 34.
Kf3 Re1 35. Kg2 Ra1 36. g4 Ra3 37. Rc1 Rxa4 38. Rb1 Kb6 0-1

[Event "Germain Laplante U1600"]
[Site "Chambly CAN"]
[Date "2023.04.30"]
[Round "5.37"]
[White "Nadeau, Dominic"]
[Black "Sanders, Marcus"]
[Result "0-1"]
[WhiteElo "1521"]
[BlackElo "1418"]
[PlyCount "74"]
[EventDate "2023.04.28"]
[EventType "swiss"]
[EventRounds "5"]
[EventCountry "CAN"]

1. Nf3 d5 2. c4 e6 3. d4 Nf6 4. Ne5 Be7 5. Nc3 c6 6. c5 Nbd7 7. Nxd7 Nxd7 8. g3
e5 9. e3 e4 10. Bg2 O-O 11. O-O f5 12. Ne2 Nf6 13. Nf4 Qe8 14. f3 Bd8 15. b4
Bc7 16. a4 a5 17. Qb3 b6 18. cxb6 Bxb6 19. bxa5 Bxa5 20. Rf2 Ba6 21. Bd2 Rb8
22. Qd1 Bc7 23. Bf1 Bxf1 24. Qxf1 Bxf4 25. exf4 Qd7 26. a5 Qa7 27. Be3 exf3 28.
h3 Rb3 29. Qc1 Re8 30. Rxf3 Rexe3 31. Rxe3 Qxd4 32. Kf2 Rxe3 33. Qxe3 Ne4+ 34.
Ke2 Qxa1 35. Qb6 Qa2+ 36. Kd3 Qc4+ 37. Ke3 Qc3+ 0-1

[Event "Germain Laplante U1600"]
[Site "Chambly CAN"]
[Date "2023.04.30"]
[Round "5.38"]
[White "Deslandes, Raynald"]
[Black "Lamontagne, Damien"]
[Result "1/2-1/2"]
[WhiteElo "1470"]
[BlackElo "1254"]
[PlyCount "90"]
[EventDate "2023.04.28"]
[EventType "swiss"]
[EventRounds "5"]
[EventCountry "CAN"]

1. e4 c5 2. Nf3 Nc6 3. d4 cxd4 4. Nxd4 Nf6 5. Nc3 e5 6. Ndb5 d6 7. Bg5 a6 8.
Bxf6 Qxf6 9. Nd5 Qg6 10. Nbc7+ Kd8 11. Nxa8 Qxe4+ 12. Ne3 Qb4+ 13. c3 Qc5 14.
Nd5 Bf5 15. b4 Qa7 16. Nab6 Be4 17. f3 Bg6 18. Bd3 f5 19. Qe2 a5 20. b5 Ne7 21.
Nxe7 Bxe7 22. Nd5 Qc5 23. Bc4 Bf7 24. Rd1 f4 25. Bb3 Bxd5 26. Bxd5 Qxc3+ 27.
Qd2 Qc7 28. Rc1 Qb6 29. Qc3 Bh4+ 30. Kd1 Kd7 31. a4 Bf6 32. Be4 h5 33. Bf5+ Ke8
34. Qc8+ Bd8 35. Qxd8+ Kxd8 36. Rc8+ Ke7 37. Rxh8 Qd4+ 38. Ke2 Qb2+ 39. Kd3
Qb3+ 40. Kd2 Qxa4 41. Rc1 Qb4+ 42. Rc3 Qd4+ 43. Kc2 Qa4+ 44. Kb2 Qb4+ 45. Kc2
Qa4+ 1/2-1/2

[Event "Germain Laplante U1600"]
[Site "Chambly CAN"]
[Date "2023.04.30"]
[Round "5.39"]
[White "De Guise, Ronald"]
[Black "Longpre, Martin"]
[Result "0-1"]
[WhiteElo "1315"]
[BlackElo "1595"]
[PlyCount "60"]
[EventDate "2023.04.28"]
[EventType "swiss"]
[EventRounds "5"]
[EventCountry "CAN"]

1. e4 c6 2. Nc3 e6 3. f4 d5 4. d4 Bb4 5. Nf3 dxe4 6. Ng5 Nf6 7. a3 Bxc3+ 8.
bxc3 h6 9. Nh3 Nbd7 10. Nf2 O-O 11. Qe2 b6 12. Nxe4 Bb7 13. Nd6 Qc7 14. Nxb7
Qxb7 15. g3 b5 16. Bg2 Nb6 17. O-O Nfd5 18. Qd3 Nc4 19. Bxd5 exd5 20. Re1 Rfe8
21. Rxe8+ Rxe8 22. Bd2 Re4 23. h3 Qe7 24. a4 Nb2 25. Qf1 Nxa4 26. Re1 Nb2 27.
Rxe4 Qxe4 28. Qe1 Qxe1+ 29. Bxe1 a5 30. Bd2 a4 0-1

[Event "Germain Laplante U1600"]
[Site "Chambly CAN"]
[Date "2023.04.30"]
[Round "5.41"]
[White "Camire, Pierre"]
[Black "Nguyen, Danny"]
[Result "0-1"]
[WhiteElo "1481"]
[BlackElo "1323"]
[PlyCount "102"]
[EventDate "2023.04.28"]
[EventType "swiss"]
[EventRounds "5"]
[EventCountry "CAN"]

1. d4 d5 2. c4 e6 3. Nc3 Nf6 4. Bg5 dxc4 5. Nf3 a6 6. a4 Be7 7. e3 h6 8. Bxf6
Bxf6 9. Bxc4 O-O 10. O-O Nc6 11. Qd2 a5 12. Rad1 Nb4 13. Na2 Be7 14. Nxb4 Bxb4
15. Qd3 b6 16. Ne5 Bb7 17. e4 Qg5 18. Nf3 Qf4 19. d5 Rad8 20. Qc2 exd5 21. exd5
Rfe8 22. Rd4 Qf6 23. Rfd1 Bc5 24. R4d3 Qf4 25. Qc1 Qxc1 26. Rxc1 Re2 27. Rd2
Bxf2+ 28. Kf1 Rxd2 29. Nxd2 Bc5 30. Ne4 Bb4 31. Rd1 Re8 32. Nc3 Kf8 33. Nb5 Re4
34. b3 Rf4+ 35. Ke2 Bc8 36. Ke3 Rf6 37. g3 Bd6 38. Nxd6 cxd6 39. Rd2 Rf5 40.
Ke4 Re5+ 41. Kf4 g5+ 42. Kf3 Kg7 43. g4 Kg6 44. h3 f5 45. gxf5+ Bxf5 46. Bf1
Be4+ 47. Kg3 Rxd5 48. Rxd5 Bxd5 49. Bd3+ Kf6 50. Bc4 Bxc4 51. bxc4 Ke5 0-1

[Event "Germain Laplante U1600"]
[Site "Chambly CAN"]
[Date "2023.04.30"]
[Round "5.42"]
[White "Alameddine, Karim"]
[Black "Breton, Jules"]
[Result "0-1"]
[WhiteElo "1451"]
[BlackElo "1350"]
[PlyCount "122"]
[EventDate "2023.04.28"]
[EventType "swiss"]
[EventRounds "5"]
[EventCountry "CAN"]

1. e4 e6 2. d3 d5 3. e5 d4 4. a3 Ne7 5. Nf3 h6 6. Be2 Ng6 7. g3 Be7 8. c4 c5 9.
Bf1 Bd7 10. Bg2 Bc6 11. O-O Nd7 12. Re1 Qc7 13. Nbd2 Ndxe5 14. Ne4 f5 15. Nxe5
Nxe5 16. Nd2 Bxg2 17. Kxg2 Qc6+ 18. Kg1 Nxd3 19. Qh5+ Kd7 20. Re2 Nxc1 21. Rxc1
Rae8 22. Nf3 Kc8 23. Ne5 Qb6 24. Qg6 Bf6 25. Nd3 Qc6 26. b4 b6 27. bxc5 bxc5
28. Rb2 Bd8 29. Qxg7 Bb6 30. Qe5 Qe4 31. Qxe4 fxe4 32. Ne5 Kc7 33. Ng6 Rh7 34.
h4 h5 35. Nf4 Kc6 36. Rcb1 Rhe7 37. a4 Ba5 38. Ng6 Rc7 39. Nf4 Kd6 40. Re2 Ke5
41. f3 e3 42. Nd3+ Kd6 43. Rd1 e5 44. Nb2 Rb7 45. Nd3 Rg8 46. Kg2 Bd8 47. Kh3
Ba5 48. f4 e4 49. Ne5 Ke6 50. Rf1 Kf5 51. Rg2 Rb3 52. g4+ hxg4+ 53. Kh2 g3+ 54.
Kh3 d3 55. Rxg3 Rxg3+ 56. Kxg3 e2 57. Kf2 e1=Q+ 58. Rxe1 Bxe1+ 59. Kxe1 Kxf4
60. Nd7 e3 61. Nxc5 Rb1# 0-1

[Event "Germain Laplante U1600"]
[Site "Chambly CAN"]
[Date "2023.04.30"]
[Round "5.43"]
[White "Mullur, Neerav"]
[Black "Ouimet, Alain"]
[Result "1-0"]
[WhiteElo "1356"]
[BlackElo "1319"]
[PlyCount "100"]
[EventDate "2023.04.28"]
[EventType "swiss"]
[EventRounds "5"]
[EventCountry "CAN"]

1. e4 Nf6 2. e5 Nd5 3. d4 d6 4. Nf3 dxe5 5. Nxe5 c6 6. Bc4 Nd7 7. O-O g6 8. Nc3
Nxe5 9. dxe5 Be6 10. Ne4 Bg7 11. Nc5 Qc8 12. Re1 O-O 13. Bg5 Rd8 14. Qf3 Bg4
15. Qe4 Bf5 16. Qh4 Re8 17. c3 Qc7 18. e6 f6 19. Bh6 g5 20. Bxg5 fxg5 21. Qxg5
Bg6 22. Rad1 Qf4 23. Qxf4 Nxf4 24. Nxb7 Rab8 25. Rd7 Nd3 26. Bxd3 Bxd3 27. Na5
Rxb2 28. Rxd3 Reb8 29. Nxc6 Re8 30. a4 Rb6 31. Nd4 Rd8 32. f4 Rbd6 33. Red1 Rd5
34. Kf2 h5 35. Ke3 Kh7 36. Nc6 Rxd3+ 37. Rxd3 Rc8 38. Nxe7 Rxc3 39. Rxc3 Bxc3
40. Nc6 Kg7 41. Ke4 Kf6 42. f5 a6 43. h3 h4 44. Nb8 a5 45. Nd7+ Ke7 46. Kd5 Bb4
47. f6+ Ke8 48. f7+ Kd8 49. f8=Q+ Bxf8 50. Nxf8 Ke7 1-0

[Event "Germain Laplante U1600"]
[Site "Chambly CAN"]
[Date "2023.04.30"]
[Round "5.44"]
[White "Rebhi, Mohamed"]
[Black "Tom, Kar Yung"]
[Result "0-1"]
[WhiteElo "1336"]
[BlackElo "1372"]
[PlyCount "102"]
[EventDate "2023.04.28"]
[EventType "swiss"]
[EventRounds "5"]
[EventCountry "CAN"]

1. e4 e5 2. Nc3 Nf6 3. f4 d6 4. Bc4 Nc6 5. Nf3 h6 6. h3 exf4 7. d4 g5 8. Qe2
Bg7 9. Bd2 Nh5 10. Qf2 Ng3 11. Rg1 O-O 12. O-O-O a6 13. Ne2 Nxe4 14. Qe1 Re8
15. h4 b5 16. Bd5 Bd7 17. hxg5 hxg5 18. Bxe4 Rxe4 19. Qf2 Qe7 20. Nc3 Rxd4 21.
Rge1 Qf6 22. Nxd4 Nxd4 23. Nd5 Qd8 24. Bc3 c5 25. b3 Be6 26. Bxd4 Bxd4 27. Rxd4
cxd4 28. Qxd4 Bxd5 29. Rh1 f6 30. Qxd5+ Kg7 31. Qe4 Qg8 32. Qe7+ Kg6 33. g4
fxg3 34. Qxd6 Qb8 35. Qd2 f5 36. Qd7 Qg8 37. Qd6+ Kg7 38. Qxg3 Kg6 39. Qd6+ Kg7
40. Qe7+ Kg6 41. Rg1 g4 42. Qd6+ Kg5 43. Rh1 Qg7 44. Qd2+ Kg6 45. Qd6+ Kg5 46.
Qd2+ Kg6 47. Qf4 Qa1+ 48. Kd2 Rd8+ 49. Ke2 Qxh1 50. Qe5 Qe4+ 51. Qxe4 fxe4 0-1

[Event "Germain Laplante U1600"]
[Site "Chambly CAN"]
[Date "2023.04.30"]
[Round "5.45"]
[White "Godbout, Remi"]
[Black "Dubreuil, Raymond"]
[Result "0-1"]
[WhiteElo "1159"]
[BlackElo "1509"]
[PlyCount "66"]
[EventDate "2023.04.28"]
[EventType "swiss"]
[EventRounds "5"]
[EventCountry "CAN"]

1. d4 Nf6 2. Bf4 d6 3. e3 e6 4. Nf3 Be7 5. Be2 Bd7 6. h3 O-O 7. O-O c5 8. c3
Nc6 9. Nbd2 Rc8 10. Qc2 cxd4 11. exd4 Nxd4 12. Nxd4 e5 13. Bxe5 dxe5 14. Nf5
Bc5 15. b4 Bxb4 16. Qb1 Bxc3 17. Qxb7 Rc7 18. Qf3 Bxd2 19. Nd6 Bc6 20. Qa3 Rd7
21. Nc4 e4 22. Rfd1 Bf4 23. g3 Bb8 24. Rdc1 Bb5 25. Qb3 a6 26. a4 Bxc4 27. Bxc4
Qa5 28. Rd1 Rxd1+ 29. Rxd1 Ba7 30. Qb7 Qc5 31. Bxf7+ Rxf7 32. Qa8+ Rf8 33. Rd8
Qxf2+ 0-1

[Event "Germain Laplante U1600"]
[Site "Chambly CAN"]
[Date "2023.04.30"]
[Round "5.46"]
[White "Hebert, Pierre"]
[Black "Poulin, Pascal"]
[Result "1-0"]
[WhiteElo "1421"]
[BlackElo "1279"]
[PlyCount "119"]
[EventDate "2023.04.28"]
[EventType "swiss"]
[EventRounds "5"]
[EventCountry "CAN"]

1. c4 c5 2. Nf3 Nc6 3. g3 Nf6 4. Bg2 g6 5. Nc3 Bg7 6. O-O d6 7. d3 Rb8 8. Bd2
O-O 9. Qc1 e5 10. Nd5 Nxd5 11. cxd5 Nd4 12. Nxd4 cxd4 13. Qc2 Bd7 14. Qb3 f5
15. Bb4 Rf6 16. Qa3 Bb5 17. Rac1 Bh6 18. Rc2 Ra8 19. Ba5 b6 20. Bd2 g5 21. Rfc1
g4 22. Bxh6 Rxh6 23. Qb4 Ba6 24. Qd2 Qf6 25. e3 dxe3 26. fxe3 Rf8 27. Rc7 Rf7
28. Rxf7 Qxf7 29. e4 Qh5 30. exf5 Qxh2+ 31. Kf2 Qh5 32. Kg1 Rf6 33. Be4 Qh3 34.
Qh2 Qxh2+ 35. Kxh2 Kg7 36. Rc3 Rf7 37. Ra3 Bc8 38. Rc3 Bxf5 39. Rc6 Bxe4 40.
dxe4 Rf2+ 41. Kg1 Rf6 42. Rc7+ Rf7 43. Rc6 Rd7 44. Kg2 Kf6 45. Rc8 h5 46. Rc1
Kg6 47. Rc6 Kg5 48. a4 h4 49. gxh4+ Kxh4 50. Rc8 Rg7 51. Rh8+ Kg5 52. Kg3 Kf6
53. Rh4 Ke7 54. Rxg4 Rxg4+ 55. Kxg4 b5 56. axb5 Kd7 57. Kf5 Kc7 58. Ke6 Kb6 59.
Kxd6 Kxb5 60. Kc7 1-0

[Event "Germain Laplante U1600"]
[Site "Chambly CAN"]
[Date "2023.04.30"]
[Round "5.47"]
[White "Scott, Benjamin"]
[Black "Alameddine, Ziad"]
[Result "1-0"]
[WhiteElo "1406"]
[BlackElo "1141"]
[PlyCount "98"]
[EventDate "2023.04.28"]
[EventType "swiss"]
[EventRounds "5"]
[EventCountry "CAN"]

1. d4 Nf6 2. Nf3 e6 3. Bf4 d5 4. e3 Bb4+ 5. c3 Bd6 6. Bg3 Nc6 7. Nbd2 O-O 8.
Bd3 h6 9. e4 dxe4 10. Nxe4 Nxe4 11. Bxe4 Bd7 12. O-O Re8 13. Ne5 a6 14. f4 f5
15. Nxd7 Qxd7 16. Bb1 Rf8 17. a3 a5 18. Ba2 Ne7 19. Qe2 Rf6 20. Rae1 Kf7 21.
Qh5+ Kf8 22. Bh4 Rf7 23. Bxe6 Qe8 24. Bxe7+ Bxe7 25. Qxf7+ Qxf7 26. Bxf7 Kxf7
27. Kf2 Ra6 28. Kf3 Rb6 29. Rf2 c5 30. d5 Rd6 31. c4 b5 32. Rfe2 Bf6 33. cxb5
Rxd5 34. a4 Rd4 35. b3 Rb4 36. Re3 g5 37. g3 g4+ 38. Kg2 c4 39. bxc4 Rxc4 40.
Rb3 Rc2+ 41. Kh1 Bc3 42. b6 Bxe1 43. b7 Bb4 44. Rxb4 axb4 45. b8=Q Rc1+ 46. Kg2
Rb1 47. Qc7+ Ke6 48. Qc6+ Ke7 49. Qc5+ Kd8 1-0

[Event "Germain Laplante U1600"]
[Site "Chambly CAN"]
[Date "2023.04.30"]
[Round "5.48"]
[White "Soskic, Milan"]
[Black "Ferenczi, Edmund"]
[Result "1-0"]
[WhiteElo "1280"]
[BlackElo "1599"]
[PlyCount "113"]
[EventDate "2023.04.28"]
[EventType "swiss"]
[EventRounds "5"]
[EventCountry "CAN"]

1. d4 d5 2. Nf3 Nf6 3. e3 Nc6 4. b3 g6 5. Bb2 Bg7 6. a3 a6 7. Bd3 Bg4 8. Nbd2
O-O 9. h3 Bxf3 10. Nxf3 e6 11. O-O b6 12. Ne5 Ne7 13. f4 Nf5 14. Qe1 Ne4 15. g4
Nfd6 16. c4 f6 17. Nc6 Qd7 18. cxd5 exd5 19. Rc1 a5 20. a4 Rfe8 21. Rc2 Re6 22.
Qc1 f5 23. g5 h6 24. h4 Rae8 25. Ne5 Bxe5 26. dxe5 Nc5 27. Rxc5 bxc5 28. Qxc5
Ne4 29. Qxa5 c6 30. Rc1 Qb7 31. Bc2 Ra8 32. Qe1 hxg5 33. hxg5 Qh7 34. Kg2 Qh5
35. Bd1 Qh7 36. Bf3 Rb8 37. b4 c5 38. b5 c4 39. Bxe4 fxe4 40. Qh1 Qxh1+ 41.
Rxh1 Ra8 42. Ra1 Ree8 43. a5 Rf8 44. b6 Ra6 45. Bc3 Kf7 46. Rb1 Kg8 47. Rb5 Rd8
48. b7 Rb8 49. e6 Ra7 50. Be5 Rbxb7 51. Rxb7 Rxb7 52. f5 gxf5 53. g6 Kf8 54.
Bd6+ Ke8 55. Be5 Re7 56. g7 Rxg7+ 57. Bxg7 1-0

[Event "Germain Laplante U1600"]
[Site "Chambly CAN"]
[Date "2023.04.30"]
[Round "5.49"]
[White "Pinsonneault, Marc"]
[Black "Frechette, Jean-Martin"]
[Result "1-0"]
[WhiteElo "1595"]
[BlackElo "1318"]
[PlyCount "83"]
[EventDate "2023.04.28"]
[EventType "swiss"]
[EventRounds "5"]
[EventCountry "CAN"]

1. e4 e6 2. d4 d5 3. Nc3 c6 4. Nf3 h6 5. Bd3 Nd7 6. O-O dxe4 7. Nxe4 Ngf6 8.
Ng3 Bd6 9. Re1 Qc7 10. Nf5 Rg8 11. Nxd6+ Qxd6 12. c3 Nb6 13. c4 Nbd7 14. g3 g5
15. a3 b6 16. b4 Bb7 17. c5 Qd5 18. Qe2 Nf8 19. Bc4 Qd8 20. Ne5 Qc7 21. Qf3 Nd5
22. Nxf7 Qxf7 23. Bxd5 cxd5 24. Qd3 Nd7 25. Ra2 Rg6 26. Rae2 Nf8 27. Qb5+ Qd7
28. Qd3 Rf6 29. b5 bxc5 30. dxc5 Qe7 31. c6 Bc8 32. Bb2 Rg6 33. Qxd5 h5 34. c7
Kf7 35. Qxa8 Qxc7 36. Qf3+ Kg8 37. Rc1 Qb7 38. Qc3 Bd7 39. a4 h4 40. Re3 e5 41.
Qxe5 Be6 42. Rc7 1-0

[Event "Germain Laplante U1600"]
[Site "Chambly CAN"]
[Date "2023.04.30"]
[Round "5.50"]
[White "Laporte, Michel"]
[Black "Legault, Jean-Philippe"]
[Result "1-0"]
[WhiteElo "1504"]
[BlackElo "1445"]
[PlyCount "51"]
[EventDate "2023.04.28"]
[EventType "swiss"]
[EventRounds "5"]
[EventCountry "CAN"]

1. d4 d5 2. Nf3 Nf6 3. e3 e6 4. Bd3 c5 5. b3 Nbd7 6. Nbd2 b6 7. O-O Bb7 8. Bb2
Ne4 9. Ne5 Ndf6 10. Bb5+ Ke7 11. f3 Nd6 12. Bc6 Ba6 13. Bxa8 Bxf1 14. Nc6+ Kd7
15. Nxd8 Kxd8 16. dxc5 Nb5 17. Bxf6+ gxf6 18. cxb6 Bxg2 19. Kxg2 Bh6 20. b7 Ke7
21. c4 Nc7 22. cxd5 Nxd5 23. Nc4 Bxe3 24. Qxd5 exd5 25. Nxe3 d4 26. Nf5+ 1-0

[Event "Germain Laplante U1600"]
[Site "Chambly CAN"]
[Date "2023.04.30"]
[Round "5.51"]
[White "Godbout, Julien"]
[Black "St-Laurent, Luc"]
[Result "0-1"]
[WhiteElo "1239"]
[BlackElo "1445"]
[PlyCount "72"]
[EventDate "2023.04.28"]
[EventType "swiss"]
[EventRounds "5"]
[EventCountry "CAN"]

1. e4 c5 2. Nf3 d6 3. d4 cxd4 4. Nxd4 Nf6 5. Nc3 Nc6 6. Be3 Ng4 7. Qd2 Nxe3 8.
Qxe3 g6 9. Bb5 Bd7 10. O-O-O Bg7 11. Nxc6 bxc6 12. Bc4 Qc7 13. f4 h5 14. Rhe1
e5 15. Qd3 Bf8 16. fxe5 dxe5 17. Na4 Bg4 18. Rd2 Bh6 19. Rf1 Bxd2+ 20. Kxd2 Rd8
21. Bd5 cxd5 22. exd5 Qa5+ 23. Nc3 Rxd5 24. Qxd5 Qxd5+ 25. Nxd5 Be6 26. Nc7+
Kd7 27. Nxe6 Kxe6 28. c4 f5 29. Ke3 Rd8 30. Rf2 Rd4 31. b3 f4+ 32. Ke2 g5 33.
g3 g4 34. Rf1 a5 35. Rd1 f3+ 36. Ke1 f2+ 0-1

[Event "Germain Laplante U1900"]
[Site "Chambly CAN"]
[Date "2023.04.28"]
[Round "1.13"]
[White "Messier, David"]
[Black "Allaire, Denis"]
[Result "0-1"]
[WhiteElo "1863"]
[BlackElo "1676"]
[PlyCount "96"]
[EventDate "2023.04.28"]
[EventType "swiss"]
[EventRounds "5"]
[EventCountry "CAN"]

1. e4 e5 2. Nf3 Nf6 3. Nxe5 Nxe4 4. Qe2 Qe7 5. Qxe4 d6 6. d4 dxe5 7. dxe5 Nc6
8. Nc3 Qxe5 9. Bf4 Qxe4+ 10. Nxe4 Bf5 11. Bd3 O-O-O 12. O-O-O Bg6 13. a3 Rd4
14. Be3 Rxe4 15. Bxe4 Bxe4 16. f3 Bg6 17. Rhe1 Bd6 18. Bf2 b6 19. h4 f6 20. Re2
Ne5 21. a4 a5 22. Bxb6 Nc4 23. Bf2 Rd8 24. Rd4 Bf7 25. Be1 c5 26. Rg4 h5 27.
Rxg7 Bf4+ 28. Kb1 Rd1+ 29. Ka2 Nd6+ 30. b3 c4 31. Re7 Be5 32. c3 cxb3+ 33. Kb2
Rxe1 34. Rexf7 Nxf7 35. Rxf7 Re2+ 36. Kxb3 Rxg2 37. Rh7 Rf2 38. Rxh5 Rxf3 39.
Kc4 Rxc3+ 40. Kd5 Rd3+ 41. Kc6 Rd6+ 42. Kc5 Kd7 43. Rh7+ Ke6 44. h5 Bf4 45. Rh8
Rd5+ 46. Kc4 Re5 47. h6 Kf7 48. Rh7+ Kg6 0-1

[Event "Germain Laplante U1900"]
[Site "Chambly CAN"]
[Date "2023.04.28"]
[Round "1.14"]
[White "Samson, Guy"]
[Black "Morin-Pare, Victor"]
[Result "0-1"]
[WhiteElo "1656"]
[BlackElo "1856"]
[PlyCount "98"]
[EventDate "2023.04.28"]
[EventType "swiss"]
[EventRounds "5"]
[EventCountry "CAN"]

1. e4 c6 2. d4 d5 3. Nc3 dxe4 4. Nxe4 Nf6 5. Nxf6+ exf6 6. Nf3 Bd6 7. Be2 O-O
8. O-O Bg4 9. c4 Nd7 10. Re1 Qc7 11. h3 Bh5 12. Nh4 Bxe2 13. Rxe2 c5 14. Nf5
cxd4 15. Qxd4 Bc5 16. Qg4 g6 17. Ne7+ Kh8 18. Nd5 Qc6 19. b4 h5 20. Qf3 Bd4 21.
Bb2 Bxb2 22. Rxb2 Qxc4 23. Nxf6 Qd4 24. Nxd7 Qxb2 25. Rd1 Rfd8 26. Qxf7 Qg7 27.
Qd5 b6 28. Rd3 Rac8 29. Qb7 a5 30. bxa5 bxa5 31. a4 Rb8 32. Qd5 Rbc8 33. Qb7
Qa1+ 34. Kh2 Qg7 35. Kg1 Rc1+ 36. Kh2 Re1 37. Qc7 Ree8 38. Qc6 Re7 39. Nc5 Rxd3
40. Nxd3 Qd4 41. Qb5 Qd6+ 42. Kg1 Rd7 43. Nc5 Qd1+ 44. Kh2 Qd6+ 45. Kg1 Rc7 46.
Qb2+ Kh7 47. Ne4 Qf4 48. Ng3 Qc1+ 49. Qxc1 Rxc1+ 0-1

[Event "Germain Laplante U1900"]
[Site "Chambly CAN"]
[Date "2023.04.28"]
[Round "1.15"]
[White "Giroux, Robert"]
[Black "Bedard, Michel"]
[Result "1/2-1/2"]
[WhiteElo "1855"]
[BlackElo "1610"]
[PlyCount "191"]
[EventDate "2023.04.28"]
[EventType "swiss"]
[EventRounds "5"]
[EventCountry "CAN"]

1. Nf3 d5 2. b3 Nf6 3. Bb2 Bf5 4. g3 h6 5. Bg2 e6 6. O-O Be7 7. d3 O-O 8. Nbd2
Nc6 9. a3 a5 10. Re1 Bh7 11. e3 Rb8 12. Ra2 Bd6 13. e4 dxe4 14. dxe4 Bc5 15. h3
b5 16. Qa1 Qe7 17. Ne5 Nxe5 18. Bxe5 Ne8 19. Bd4 Bxd4 20. Qxd4 c5 21. Qe3 f6
22. a4 Qc7 23. axb5 Rxb5 24. Rea1 Nd6 25. c4 Rbb8 26. Rxa5 Rfc8 27. f3 Nb7 28.
Ra6 e5 29. h4 Rd8 30. Bh3 Rd4 31. Be6+ Kh8 32. Bd5 Bg8 33. Qc3 Qd7 34. Kg2 f5
35. Ra8 Qc8 36. R8a2 Nd6 37. Ra8 Bxd5 38. Rxb8 Qxb8 39. cxd5 fxe4 40. fxe4 Nxe4
41. Nxe4 Rxe4 42. Qxc5 Rd4 43. Qc6 Rd2+ 44. Kh3 Qxb3 45. Qg6 Qxd5 46. Rg1 Qd7+
47. g4 Rd3+ 48. Rg3 Rd1 49. Rf3 Kg8 50. h5 Qe7 51. Rb3 Rd8 52. Qe4 Qf6 53. Rf3
Qe6 54. Rf5 Rd5 55. Qf3 e4 56. Qf4 Rd3+ 57. Kh4 Qe7+ 58. g5 hxg5+ 59. Qxg5 Qc7
60. Re5 Qd7 61. Qf5 Qd8+ 62. Qg5 Qf8 63. Qf5 Qxf5 64. Rxf5 Kh7 65. Re5 Rd4 66.
Kg5 Ra4 67. Re6 Ra5+ 68. Kg4 Ra4 69. Kg5 Rb4 70. Re5 Ra4 71. Re6 Kg8 72. Kg6
Kf8 73. Rb6 Ra8 74. Re6 Re8 75. Ra6 e3 76. Ra7 Re6+ 77. Kf5 Rf6+ 78. Kg5 Re6
79. Ra8+ Re8 80. Ra1 e2 81. Re1 Kf7 82. Kf5 Re6 83. Kg5 Re5+ 84. Kg4 Kf6 85.
Kf4 Re6 86. h6 g5+ 87. Kf3 Kg6 88. h7 Kxh7 89. Rxe2 Rf6+ 90. Kg3 Kg6 91. Re5
Ra6 92. Rb5 Kf6 93. Kg4 Ra4+ 94. Kg3 Re4 95. Ra5 g4 96. Rb5 1/2-1/2

[Event "Germain Laplante U1900"]
[Site "Chambly CAN"]
[Date "2023.04.28"]
[Round "1.16"]
[White "Lepine, Yanick"]
[Black "Dufresne, Christophe"]
[Result "1-0"]
[WhiteElo "1609"]
[BlackElo "1845"]
[PlyCount "79"]
[EventDate "2023.04.28"]
[EventType "swiss"]
[EventRounds "5"]
[EventCountry "CAN"]

1. e4 e5 2. Nc3 Bc5 3. Bc4 Nc6 4. f4 Bxg1 5. Rxg1 Qh4+ 6. Kf1 Qxf4+ 7. Qf3
Qxf3+ 8. gxf3 Nge7 9. Rxg7 Ng6 10. d3 h5 11. Bg5 Nd8 12. Bf6 Rf8 13. Nb5 d6 14.
Nxc7+ Kd7 15. Nxa8 Nf4 16. Bxd8 Kxd8 17. Rxf7 Rg8 18. Rxf4 Bh3+ 19. Ke2 Rg2+
20. Ke3 exf4+ 21. Kxf4 Rxc2 22. b4 Bg2 23. Ke3 Rb2 24. Bb3 Bh3 25. Rc1 Rxh2 26.
Nc7 Bd7 27. Ne6+ Ke7 28. Nf4 Bc6 29. Rg1 h4 30. Rg7+ Kf8 31. Rh7 Rh1 32. Ng6+
Ke8 33. Rxh4 Rg1 34. Nf4 Re1+ 35. Kf2 Rb1 36. d4 Bb5 37. Rh8+ Ke7 38. Rh7+ Kf8
39. Rxb7 Rf1+ 40. Kg2 1-0

[Event "Germain Laplante U1900"]
[Site "Chambly CAN"]
[Date "2023.04.28"]
[Round "1.17"]
[White "Jutras, Marc-Andre"]
[Black "Guillemette, Thomas"]
[Result "1-0"]
[WhiteElo "1834"]
[BlackElo "1603"]
[PlyCount "103"]
[EventDate "2023.04.28"]
[EventType "swiss"]
[EventRounds "5"]
[EventCountry "CAN"]

1. c4 e5 2. Nc3 Nf6 3. g3 Nc6 4. Bg2 Bc5 5. e3 O-O 6. Nge2 Re8 7. O-O d6 8. d4
exd4 9. exd4 Bb6 10. a3 Bg4 11. f3 Be6 12. b3 a6 13. Kh1 Ne7 14. Bg5 Nd7 15.
Ra2 f6 16. Be3 Nf5 17. Bf2 Bf7 18. Qd2 Ba5 19. g4 Ne7 20. f4 Rb8 21. Qd3 c6 22.
d5 cxd5 23. Nxd5 Nxd5 24. Bxd5 Bxd5+ 25. Qxd5+ Kh8 26. Qxd6 Nf8 27. Rd1 Ng6 28.
b4 Qxd6 29. Rxd6 Bc7 30. Rd7 Rbc8 31. c5 Kg8 32. Kg2 Rxe2 33. Rxe2 Nxf4+ 34.
Kf3 Nxe2 35. Kxe2 Kf8 36. h3 h6 37. Kf3 g6 38. Be3 g5 39. Bd4 Rd8 40. Rxc7 Rxd4
41. Ke3 Rc4 42. Kd3 Rf4 43. Rxb7 Rf3+ 44. Kc4 Rxa3 45. c6 Ke8 46. Rb8+ Ke7 47.
c7 Ra1 48. c8=Q Rc1+ 49. Kd3 Rxc8 50. Rxc8 h5 51. Rc6 hxg4 52. hxg4 1-0